00334nam a2200133Ia 4500008004100000020001500041041001200056082001600068100001900084245004600103260002500149300000800174650001800182221030s9999 xx 000 0 und d a0070486689 aEnglish a105.23bHil aC. W. L. Hills 0aInternational Businesscby C. W. L. Hills bTMHaNew Delhic2003 a703 aBE Management